| 000 | 00511 a2200193 4500 | ||
|---|---|---|---|
| 999 |
_c8501 _d8501 |
||
| 020 | _a9780140817690 | ||
| 050 | _aPR6029 ORW 1999 | ||
| 100 | _aOrwell, George. | ||
| 245 |
_aAnimal Farm/ _cGeorge Orwell. |
||
| 264 |
_aLondon: _bPenguin Books, _c1999. |
||
| 300 | _a107p. | ||
| 440 | _aPenguin Books | ||
| 500 | _anovel | ||
| 650 | _aTotalitarianism -- Fiction. | ||
| 650 | _aDomestic animals -- Fiction. | ||
| 650 | _a Animals -- Fiction. | ||
| 700 | _aCarter, Ronald. | ||
| 942 |
_2lcc _cBK _h6029 _iORW _kPR |
||